Historia del libro.
Сохранить в:
| Главный автор: | |
|---|---|
| Другие авторы: | , |
| Формат: | |
| Язык: | английский |
| Опубликовано: |
Madrid, España:
Alianza,
1972.
|
| Серии: | Sección Historia,
373. |
| Предметы: | |
| Метки: |
Добавить метку
Нет меток, Требуется 1-ая метка записи!
|
MARC
| LEADER | 00000nam a22000007a 4500 | ||
|---|---|---|---|
| 003 | CL-VaPUC | ||
| 005 | 20220822114421.0 | ||
| 008 | 220223t1972 ||||| |||| 00| 0 eng d | ||
| 999 | |c 434485 |d 434483 | ||
| 040 | |c Pontificia Universidad Católica de Valparaíso | ||
| 082 | 7 | |a 002 DAH 1972 |2 22 | |
| 100 | |a Dahl, Svend |9 303912 |e autor | ||
| 245 | |a Historia del libro. | ||
| 260 | |a Madrid, España: |b Alianza, |c 1972. | ||
| 300 | |a 319 páginas. | ||
| 490 | |a Sección Historia, |v 373. | ||
| 500 | |a c.1 Donación Familia Prof. Alejandro Guzmán Brito. Libro conmemorativo del Año Internacional del Libro. | ||
| 583 | |c 20220223 |k Yessy Stephany Diaz Vidal | ||
| 650 | 0 | |a Libros |9 334511 |x Historia | |
| 700 | |a Adell, Alberto |e traducción del danés |9 866373 | ||
| 700 | |a Huarte Morton, Fernando |e adiciones españolas |9 866374 | ||
| 942 | |2 ddc |c BK |n 0 | ||
| 952 | |0 0 |1 0 |2 ddc |4 0 |6 002_000000000000000_DAH_1972 |7 0 |8 C_AGB |9 581366 |a BIBDER |b BIBDER |d 2022-02-23 |e Donación |i 5646952 |o 002 DAH 1972 |p 5646952 |r 2023-01-25 |t 1 |w 2022-02-23 |y BK_US |k AGB | ||